000 01255cam a22002531i 4500
003 SA-RiAUC
005 20260316120338.0
008 260225s1935 xx g 000 0 ara c
040 _aSA-JeALM
_bara
_cSA-RiAUC
_erda
082 0 4 _a252.23
_qSA-RiAUC
090 _aم ن 252.23
_bم س ك
100 1 _aالمسكوممباني، عمار بن فقيه بن عبد الجبار،
_d1902-1965
_eمؤلف.
245 1 0 _aكتاب الرد والنوادر فى الرد على من أذن فى تعدد الجمعة فى محلنا وفى زماننا وفى مذهبنا /
_cعمار بن فقيه بن عبد الجبار مسكمنباغ.
246 3 0 _aالرد والنوادر فى الرد على من أذن فى تعدد الجمعة فى محلنا وفى زماننا وفى مذهبنا
250 _aالطبعة الأولى.
264 1 _a[مكان النشر غير محدد] :
_b[الناشر غير محدد]،
_c1935
300 _a50 صفحة ؛
_c29 سم
336 _aنص
_btxt
_2rdacontent
_3كتاب
337 _aبدون وسيط
_bn
_2rdamedia
338 _aمجلد
_bnc
_2rdacarrier
650 7 _aصلاة الجمعة (فقه إسلامي)
_2aucsh
942 _2ddc
_cRBOOK COPY
_n0
949 _aSA-JeALM
_d260225
_umohamedma123
_n1
999 _c14622
_d14622